000 00942nam a2200289Ia 4500
003 GCL
008 140319s9999 xx 000 0 ara d
020 _a2080710977
040 _aGCL /
_cGCL
082 0 4 _a529.7
_bح د
100 1 _aحسين كمال الدين
245 1 0 _aدورتا الشمس والقمر وتعيين اوائل الشهور العربية باستعمال الحساب /
_cحسين كمال الدين
250 _aالثانية
260 _aالقاهرة :
_bدار الفكر العربى ،
_c1996
300 _a143 ص:
_bايض ؛
_c24 سم
490 _a
650 0 4 _aالفلك
650 0 4 _aالفلك الوصفى
650 0 4 _aالتقاويم
650 0 4 _aالتوقيت
650 0 4 _aالفلك العربى
650 0 4 _aالنظام الشمسى
650 0 4 _aالشهور
650 0 4 _aالشهور الشمسية
650 0 4 _aالشهور القمرية
942 _2ddc
_cBK
999 _c29952
_d29952